000
00310nam a22001337a 4500
082
_a
001
_b
MAN/L
100
_a
MANGALATH,GOPI
245
_a
LIFE SKETCHES OF FAMOUS PERSONALITIES
250
_a
FIRST
260
_a
THRISSUR
_b
H& C PUBLISHING HOUSE
300
_a
64
650
_a
BIOGRAPHY
_z
THRISSUR
942
_c
BK
999
_c
6327
_d
6327